[Event "Challenge"]
[Site "http://www.queenalice.com/game.php?id=1861114"]
[Date "2025.8.5"]
[Round "-"]
[White "christian_labat"]
[Black "MysticTime"]
[Result "0-1"]
[WhiteElo "2051"]
[BlackElo "2115"]

1. d4 d6 2. c4 Nf6 3. Nc3 g6 4. e4 Bg7 5. f3 O-O 6. Be3 a6 7. Qd2 Nc6 8. a3 a5
9. Bd3 e5 10. d5 Ne7 11. Nge2 Ne8 12. O-O f5 13. b4 f4 14. Bf2 g5 15. c5 g4 16.
cxd6 Ng6 17. dxc7 Qg5 18. Bb6 gxf3 19. Rxf3 axb4 20. Nb5 Nh4 21. Rf2 h5 22. Qxb4
Bh3 23. g3 fxg3 24. hxg3 Nf3+ 25. Kh1 Qg4 26. d6 h4 27. Qc4+ Kh7 0-1

[Event "Revancha"]
[Site "http://www.queenalice.com/game.php?id=1864238"]
[Date "2025.10.14"]
[Round "-"]
[White "MysticTime"]
[Black "Copelipon"]
[Result "1-0"]
[WhiteElo "2151"]
[BlackElo "1885"]

1. e4 c6 2. Nc3 d5 3. d3 d4 4. Nce2 e5 5. f4 f6 6. Nf3 Bd6 7. Ng3 Ne7 8. fxe5
fxe5 9. Be2 h6 10. Bd2 Be6 11. b4 a6 12. O-O Nd7 13. Qc1 b5 14. Nh4 Qb6 15. Bh5+
Kd8 16. Ng6 Nxg6 17. Bxg6 Kc7 18. Nh5 c5 19. Nxg7 Bg4 20. bxc5 Bxc5 21. Bf5 h5
22. Bxd7 Bxd7 23. Qe1 Qg6 24. Nf5 Rag8 25. Qe2 h4 26. Be1 Rh5 27. Bxh4 Qh7 28.
Bg3 Bxf5 29. Rxf5 Rh6 30. Raf1 Rg7 31. Bxe5+ Bd6 32. Bxd6+ Rxd6 33. Rf6 Rxf6 34.
Rxf6 Qh4 35. Qf2 Qh5 36. Qf4+ Kb7 37. Qf3 Qg5 38. e5+ Kc7 39. Qc6+ Kd8 40. Rf8+
1-0

[Event "AUTO-OPEN-4595"]
[Site "http://www.queenalice.com/game.php?id=1868342"]
[Date "2026.1.22"]
[Round "2"]
[White "chessman"]
[Black "MysticTime"]
[Result "0-1"]
[WhiteElo "1998"]
[BlackElo "2136"]

1. e4 d5 2. exd5 Qxd5 3. Nf3 Nf6 4. d4 g6 5. Be2 Bg7 6. O-O O-O 7. Re1 c6 8. c4
Qd8 9. Nc3 Na6 10. Bf4 Nc7 11. h3 Ne6 12. Be3 Nh5 13. a3 Nhf4 14. Qd2 Nxe2+ 15.
Qxe2 Nxd4 16. Nxd4 Bxd4 17. Bxd4 Qxd4 18. Qxe7 Be6 19. Ne4 Qd8 20. Qxb7 Rb8 21.
Qxa7 Rxb2 22. Red1 Qh4 23. Qd4 f5 24. Qxb2 fxe4 25. Rd6 Bxh3 26. g3 Qg5 27. Rxc6
e3 0-1

[Event "AUTO-OPEN-4595"]
[Site "http://www.queenalice.com/game.php?id=1868343"]
[Date "2026.1.22"]
[Round "2"]
[White "MysticTime"]
[Black "chessman"]
[Result "1-0"]
[WhiteElo "2159"]
[BlackElo "2020"]

1. e4 e6 2. d4 d5 3. Nc3 dxe4 4. Nxe4 Nd7 5. Nf3 Ngf6 6. Nxf6+ Nxf6 7. Bd3 Be7
8. O-O O-O 9. Bf4 Nd5 10. Be5 a6 11. c4 Nb6 12. Qe2 Bf6 13. Qe4 g6 14. Rad1 Qe7
15. Rfe1 Rd8 16. h4 Kg7 17. g3 Bd7 18. Qf4 Bxe5 19. Nxe5 f6 20. Ng4 Bc6 21. d5
Nxd5 22. cxd5 Bxd5 23. Qh6+ Kg8 24. Bxg6 hxg6 25. Qxg6+ Qg7 26. Nxf6+ Kf8 27.
Qxg7+ Kxg7 28. Nxd5 exd5 29. Re7+ Kg6 30. Rxc7 b5 31. Rc5 d4 32. Rd3 Kf6 33. Kg2
Rd6 34. g4 Rg8 35. Kg3 Re8 36. Rf5+ Kg6 37. Rf4 Red8 38. Re4 R8d7 39. f4 Kf6 40.
h5 Kg7 41. g5 Kh7 42. f5 Rd5 43. Kg4 1-0

[Event "AUTO-OPEN-4595"]
[Site "http://www.queenalice.com/game.php?id=1868356"]
[Date "2026.1.22"]
[Round "2"]
[White "MysticTime"]
[Black "Zero007"]
[Result "1-0"]
[WhiteElo "2191"]
[BlackElo "2134"]

1. d4 d5 2. Nf3 Nf6 3. g3 g6 4. Bg2 e6 5. Bg5 h6 6. Bxf6 Qxf6 7. c4 c6 8. Nc3
Bg7 9. e4 O-O 10. Qe2 Na6 11. O-O Nc7 12. e5 Qe7 13. Nd2 Rb8 14. f4 Qb4 15. Rab1
Qe7 16. b4 b6 17. Rfd1 Bb7 18. c5 b5 19. Nb3 a6 20. Rd3 f5 21. g4 Qf7 22. Rf1
fxg4 23. Qxg4 Qf5 24. Rg3 Qxg4 25. Rxg4 Kh7 26. Rf2 h5 27. Rh4 Bh6 28. Ne2 Bc8
29. Bf1 Bd7 30. Ng3 Ne8 31. Bd3 Ng7 32. Nxh5 Nxh5 33. Rxh5 Kg7 34. Rh4 Be8 35.
Rg4 1-0

[Event "AUTO-OPEN-4595"]
[Site "http://www.queenalice.com/game.php?id=1868357"]
[Date "2026.1.22"]
[Round "2"]
[White "Zero007"]
[Black "MysticTime"]
[Result "0-1"]
[WhiteElo "2134"]
[BlackElo "2172"]

1. e4 e5 2. Nf3 Nf6 3. Nc3 Nc6 4. Bb5 d6 5. h3 Bd7 6. d4 exd4 7. Nxd4 Be7 8. Be3
O-O 9. O-O a6 10. Nxc6 Bxc6 11. Bxc6 bxc6 12. f3 Ne8 13. g4 g6 14. Qe2 Ng7 15.
Bh6 Re8 16. Qc4 Qd7 17. Rfd1 Bf6 18. Rab1 Ne6 19. Bd2 Bd4+ 20. Kg2 Qe7 21. Ne2
c5 22. Bc3 Qh4 23. Bxd4 cxd4 24. c3 c5 25. Qd3 d5 26. exd5 Ng5 27. Ng1 Re3 28.
Qf1 Rae8 29. Kh1 Nxf3 30. Nxf3 Rxf3 31. Qxf3 Re3 32. Rd3 Rxf3 33. Rxf3 h5 34.
Rg1 hxg4 35. Rxg4 Qh5 36. cxd4 Qxd5 37. Rf4 cxd4 0-1

[Event "Carnaval"]
[Site "http://www.queenalice.com/game.php?id=1869292"]
[Date "2026.2.15"]
[Round "-"]
[White "Copelipon"]
[Black "MysticTime"]
[Result "0-1"]
[WhiteElo "1882"]
[BlackElo "2238"]

1. e4 c5 2. Nf3 d6 3. d4 cxd4 4. Nxd4 Nf6 5. Nc3 g6 6. Bc4 Bg7 7. h3 Nc6 8. Be3
O-O 9. O-O Bd7 10. f4 Qb6 11. Qd2 Nxe4 0-1

[Event "AUTO-MASTER-3283"]
[Site "http://www.queenalice.com/game.php?id=1869445"]
[Date "2026.2.18"]
[Round "2"]
[White "StarWarsJedi"]
[Black "MysticTime"]
[Result "1-0"]
[WhiteElo "2302"]
[BlackElo "2258"]

1. e4 c6 2. d4 d5 3. e5 Bf5 4. Nf3 e6 5. Be2 Nd7 6. O-O Ne7 7. c3 Bxb1 8. Rxb1
Ng6 9. Bd3 Be7 10. g3 O-O 11. h4 Re8 12. h5 Ngf8 13. Nh2 c5 14. Qg4 f5 15. Qh3
cxd4 16. cxd4 Qb6 17. Nf3 Rec8 18. g4 fxg4 19. Qxg4 Kf7 20. Kh1 g6 21. Kg2 Qd8
22. Rh1 g5 23. Nxg5+ 1-0

[Event "AUTO-MASTER-3283"]
[Site "http://www.queenalice.com/game.php?id=1869446"]
[Date "2026.2.18"]
[Round "2"]
[White "MysticTime"]
[Black "StarWarsJedi"]
[Result "0-1"]
[WhiteElo "2241"]
[BlackElo "2230"]

1. e4 c5 2. Nf3 d6 3. d4 cxd4 4. Nxd4 Nf6 5. Nc3 a6 6. Bg5 e6 7. f4 Qb6 8. Qd2
Qxb2 9. f5 Qxa1+ 10. Kf2 Qxc3 0-1

[Event "AUTO-MASTER-3283"]
[Site "http://www.queenalice.com/game.php?id=1869451"]
[Date "2026.2.18"]
[Round "2"]
[White "MysticTime"]
[Black "JailtonMaster"]
[Result "0-1"]
[WhiteElo "2224"]
[BlackElo "2233"]

1. c4 Nf6 2. Nc3 e6 3. d4 d5 4. cxd5 Nxd5 5. e4 Nxc3 6. bxc3 g6 7. Nf3 Bg7 8.
Be3 c5 9. Be2 O-O 10. O-O cxd4 11. cxd4 Nc6 12. Rb1 Qa5 13. Qb3 b6 14. g4 b5 15.
Qxb5 Qxa2 16. Qxc6 Qxe2 17. Qxa8 Qxf3 18. Qxa7 Qxg4+ 19. Kh1 Qf3+ 20. Kg1 e5 0-1

[Event "AUTO-MASTER-3283"]
[Site "http://www.queenalice.com/game.php?id=1869452"]
[Date "2026.2.18"]
[Round "2"]
[White "JailtonMaster"]
[Black "MysticTime"]
[Result "0-1"]
[WhiteElo "2208"]
[BlackElo "2222"]

1. d4 Nf6 2. c4 e6 3. Nc3 Bb4 4. Nf3 b6 5. Bg5 Bb7 6. e3 d6 7. Be2 Nbd7 8. O-O
Bxc3 9. bxc3 O-O 10. Qc2 c5 11. a4 Qc7 12. a5 bxa5 13. Qa4 Ne4 14. Qc2 Qc6 15.
Bh4 g5 16. d5 exd5 17. Nxg5 Nxg5 18. Bxg5 Ne5 19. f4 dxc4 20. Bf3 Nxf3+ 21. Rxf3
f5 22. Be7 Rf7 23. Rg3+ Kh8 24. Bg5 Qe4 25. Qd1 Qe6 26. Rxa5 Be4 27. Qa4 h6 28.
Bxh6 Qxh6 29. Rh3 Qxh3 30. gxh3 Rg7+ 31. Kf1 Rag8 0-1

[Event "AUTO-MASTER-3283"]
[Site "http://www.queenalice.com/game.php?id=1869453"]
[Date "2026.2.18"]
[Round "2"]
[White "MysticTime"]
[Black "cerenzo72"]
[Result "1-0"]
[WhiteElo "2207"]
[BlackElo "2180"]

1. f4 e6 2. e4 b6 3. Nf3 Bb7 4. Nc3 Bb4 5. Bd3 Bxc3 6. dxc3 Nc6 7. O-O Qe7 8.
Qe2 Nf6 9. Bd2 O-O 10. e5 Nd5 11. Bxh7+ Kxh7 12. Ng5+ Kg6 13. Qe4+ f5 14. exf6+
Kxf6 15. f5 Qc5+ 16. Kh1 Ke7 17. fxe6 Nf6 18. Qg6 Ne5 19. Qxg7+ Nf7 20. Qxf6+
Ke8 21. exf7+ 1-0

[Event "AUTO-MASTER-3283"]
[Site "http://www.queenalice.com/game.php?id=1869454"]
[Date "2026.2.18"]
[Round "2"]
[White "cerenzo72"]
[Black "MysticTime"]
[Result "0-1"]
[WhiteElo "2174"]
[BlackElo "2207"]

1. c4 e5 2. Nc3 Nf6 3. e4 Nc6 4. Nf3 d6 5. Be2 Be7 6. O-O O-O 7. d4 exd4 8. Nxd4
Bd7 9. b3 a6 10. Bb2 Re8 11. Bf3 Ne5 12. Be2 Bf8 13. f4 Neg4 14. Qd3 h5 15. h3
Nh6 16. Bf3 Qb8 17. Nde2 Qa7+ 18. Kh2 Nhg4+ 19. Bxg4 hxg4 20. Ng3 Qc5 21. f5 c6
22. Na4 Qa7 23. Bxf6 gxf6 24. Qe2 Bh6 25. Qxg4+ Kf8 26. Nh5 Ke7 27. Rad1 Rg8 28.
Qf3 b5 29. Nc3 bxc4 30. bxc4 Qc5 31. Qd3 Rab8 32. e5 Rb2 33. exd6+ Kd8 34. Qe4
Rgxg2+ 35. Qxg2 Rxg2+ 36. Kxg2 Qxc4 37. Rf3 Bxf5 38. Rxf5 Qxc3 39. Rf2 Bg5 40.
Re2 Qc4 41. Ng3 Bf4 42. d7 Be5 43. Rdd2 Qf4 44. Nf1 Bd6 45. Rf2 Qg5+ 46. Kh1
Kxd7 47. Rf3 Kc7 48. Rg2 Qh5 49. Rxf6 Qxh3+ 50. Kg1 Bc5+ 51. Rff2 Bxf2+ 52. Rxf2
f6 53. Rh2 Qc3 54. Rf2 c5 55. Nh2 Kc6 56. Ng4 Qg3+ 57. Rg2 Qe1+ 58. Kh2 f5 59.
Nf2 c4 0-1

[Event "Challenge"]
[Site "http://www.queenalice.com/game.php?id=1871526"]
[Date "2026.4.5"]
[Round "-"]
[White "MysticTime"]
[Black "JJerzy"]
[Result "1-0"]
[WhiteElo "2244"]
[BlackElo "2307"]

1. d4 d5 2. Nf3 Nf6 3. e3 e6 4. c4 c6 5. Nc3 Bd6 6. Bd3 Nbd7 7. O-O O-O 8. b3 e5
9. cxd5 cxd5 10. dxe5 Nxe5 11. Be2 Nxf3+ 12. Bxf3 Be5 13. Bb2 Qa5 14. Na4 Bxb2
15. Nxb2 Be6 16. Qd4 Rfd8 17. a3 Qc7 18. Rfc1 Qd6 19. b4 b6 20. Nc4 Qb8 21. Ne5
Qb7 22. Nc6 Rd7 23. b5 Rc8 24. Nxa7 Rxc1+ 25. Rxc1 h6 26. Nc6 Rc7 27. a4 Kf8 28.
Qe5 Ne8 29. Bxd5 Bxd5 30. Qxd5 Qc8 31. Rd1 Qa8 32. Qe4 1-0

[Event "Challenge"]
[Site "http://www.queenalice.com/game.php?id=1871538"]
[Date "2026.4.6"]
[Round "-"]
[White "JJerzy"]
[Black "MysticTime"]
[Result "0-1"]
[WhiteElo "2322"]
[BlackElo "2229"]

1. d4 d5 2. Nf3 c6 3. e3 Nf6 4. c4 e6 5. Nc3 Nbd7 6. Bd3 Be7 7. O-O O-O 8. c5 b6
9. cxb6 axb6 10. a3 e5 11. Nxe5 Nxe5 12. dxe5 Ng4 13. f4 Bc5 14. Rf3 d4 15. Ne4
Nxe3 16. Bxe3 dxe3 17. Nxc5 bxc5 18. h3 Qd4 19. Qe2 g6 20. Rd1 Qa4 21. Rc1 Be6
22. Rxc5 Bd5 23. Rf1 Rab8 24. Rc2 Bb3 25. Rc3 Bd5 26. g3 Qd4 27. Rfc1 Rxb2 28.
R1c2 Rfb8 29. Kh2 Rxc2 30. Rxc2 Rb1 0-1